000 00548cam a22002291 4500
001 sa 68007594
003 DLC
005 20260227112524.0
008 940804s1967 ii 000 1 orio
010 _asa 68007594
025 _aPL480:I-O-959
035 _a(OCoLC)30883523
040 _aDLC
_cCU
_dCU
_dDLC
042 _apremarc
050 0 0 _aPK2579.M53
_bB3
100 1 _aMisra, Gopal Chandra,
_d1925-
245 1 0 _aBasanta bahudūre.
260 _c[1967]
300 _a152 p.
_c19 cm.
500 _aIn Oriya.
500 _aShort stories.
999 _c81916
_d81916